Country By Landmarks - Statistics

General Stats
  • This quiz has been taken 31 times
  • The average score is 15 of 16
Answer Stats
Landmark Country % Correct
Opera House Australia
100%
Niagara Falls Canada | United States
100%
Mt Everest China | Nepal
100%
Eiffel Tower France
100%
Taj Mahal India
100%
Colosseum Italy
100%
Leaning Tower of Pisa Italy
100%
Mt Fuji Japan
100%
Big Ben United Kingdom
100%
Golden Gate Bridge United States
97%
Statue of Liberty United States
97%
CN Tower Canada
93%
Burj Khalifa United Arab Emirates
90%
Mt Kilimanjaro Tanzania
83%
Mt Cook New Zealand
80%
Uluru Australia
77%
No matching quizzes found
Score Distribution
Percent of People with Each Score
Percentile by Number Answered
Your Score History
You have not taken this quiz